00397nam a2200157Ia 45000010006000000050017000060080041000230410008000640820016000721000025000882450069001132600009001823000032001916500008002236540008002311591320260306170231.0260306t2011||||xx |||||||||||||| ||und|| aESP a620.37bK38 aKelly, James M.eAUT 0aMechanics of rubber bearings for seismic and vibration isolation c2011 axv, 222 páginas :c26 cm. aGEN aCII